BIBLIOTECA

SENCICO

Diccionario de Arquitectura y Urbanismo (Registro nro. 2857)

Detalles MARC
000 -LEADER
fixed length control field 00663nam a2200241Ia 4500
005 - DATE AND TIME OF LATEST TRANSACTION
control field 20251020182555.0
008 - FIXED-LENGTH DATA ELEMENTS--GENERAL INFORMATION
fixed length control field 200515s9999 xx 000 0 und d
020 ## - INTERNATIONAL STANDARD BOOK NUMBER
International Standard Book Number 978-968-24-7435-4
082 ## - DEWEY DECIMAL CLASSIFICATION NUMBER
Classification number R/72(038)/C22
100 ## - MAIN ENTRY--PERSONAL NAME
Personal name Camacho Cardona, Mario
245 #0 - TITLE STATEMENT
Title Diccionario de Arquitectura y Urbanismo
260 ## - PUBLICATION, DISTRIBUTION, ETC.
Place of publication, distribution, etc. México, DF
260 ## - PUBLICATION, DISTRIBUTION, ETC.
Name of publisher, distributor, etc. Trillas
260 ## - PUBLICATION, DISTRIBUTION, ETC.
Date of publication, distribution, etc. 2014
300 ## - PHYSICAL DESCRIPTION
Extent 820 p.
300 ## - PHYSICAL DESCRIPTION
Other physical details il.
520 ## - SUMMARY, ETC.
Summary, etc. Diccionario. Concepto y elementos y estilos urbano arquitectónicos mundiales desarrollados en forma temática
650 ## - SUBJECT ADDED ENTRY--TOPICAL TERM
Topical term or geographic name entry element ARQUITECTURA
650 ## - SUBJECT ADDED ENTRY--TOPICAL TERM
Topical term or geographic name entry element DICCIONARIOS
650 ## - SUBJECT ADDED ENTRY--TOPICAL TERM
Topical term or geographic name entry element URBANISMO
942 ## - ADDED ENTRY ELEMENTS (KOHA)
Koha item type Libros
Existencias
Fecha de la última vez que lo usaron Pago total Signatura topográfica completa Código de barras Precio efectivo desde Tipo de documento Estado perdido Estado dañado No es para préstamo Retirado Ubicación permanente Ubicación actual Fecha de adquisición
15/05/2020   R/72(038)/C22 Bib-Lima15052857 15/05/2020 Libros         Biblioteca Central Lima Biblioteca Central Lima 15/05/2020